[Event "ROM-ch U08"]
[Site "Calimanesti"]
[Date "2018.04.01"]
[Round "7"]
[White "Anghel, Rares Stefan"]
[Black "Ignat, Andrei Daniel"]
[Result "0-1"]
[WhiteElo "1002"]
[BlackElo "1042"]
[PlyCount "144"]
[EventDate "2018.03.27"]
[EventType "swiss"]
[EventRounds "9"]
[EventCountry "ROU"]
[SourceTitle "CBM 183 Extra"]
[Source "ChessBase"]
[SourceDate "2018.04.19"]
[SourceVersion "1"]
[SourceVersionDate "2018.04.19"]
[SourceQuality "1"]

1. e4 c5 2. c3 e6 3. d4 a6 4. Nf3 Qc7 5. Be3 d5 6. exd5 exd5 7. Bd3 Be7 8. 0-0 Nf6 9. Qc2 0-0 10. h3 b5 11. Qd2 Bb7 12. a3 Nbd7 13. Re1 c4 14. Bc2 Nb6 15. Qe2 Rfe8 16. Nbd2 Na4 17. Bxa4 bxa4 18. Rad1 Rad8 19. Nf1 Bd6 20. Qc2 h6 21. Bd2 Bc6 22. Rxe8+ Rxe8 23. Re1 Rxe1 24. Bxe1 Qe7 25. Ng3 Bxg3 26. fxg3 Qe3+ 27. Kh2 Bd7 28. Qd2 Qe4 29. Ne5 Be6 30. Bf2 Qh7 31. Bg1 Ne4 32. Qf4 g5 33. Qf3 f6 34. Ng4 Nd2 35. Nxf6+ Kg7 36. Nxh7 Nxf3+ 37. gxf3 Kxh7 38. f4 gxf4 39. gxf4 Kg6 40. Kg3 h5 41. h4 Kf5 42. Be3 Ke4 43. Bg1 Kd3 44. Kf3 Bg4+ 45. Kg3 Kc2 46. f5 Bxf5 47. Kf4 Bg4 48. Ke5 Kxb2 49. Kxd5 Kxa3 50. Kxc4 Be2+ 51. Kc5 Kb3 52. Kd5 Bc4+ 53. Ke5 a3 54. Kf5 a2 55. Kg5 a1Q 56. Kxh5 Be2+ 57. Kg5 Qxg1+ 58. Kf5 Qh2 59. d5 Qf2+ 60. Kg5 Qg3+ 61. Kf5 Qg4+ 62. Ke5 Qxh4 63. d6 Qg3+ 64. Kd5 Bc4+ 65. Kc6 Qf3+ 66. Kc7 Qf4 67. Kc6 Qe4+ 68. Kc7 Bb5 69. d7 Qc6+ 70. Kb8 Qxd7 71. Ka8 Bc6+ 72. Kb8 Qb7# 0-1

[Event "ROM-ch U08"]
[Site "Calimanesti"]
[Date "2018.03.28"]
[Round "2"]
[White "Ignat, Andrei Daniel"]
[Black "Muresan, Marian Gabriel"]
[Result "0-1"]
[WhiteElo "1042"]
[BlackElo "1066"]
[PlyCount "72"]
[EventDate "2018.03.27"]
[EventType "swiss"]
[EventRounds "9"]
[EventCountry "ROU"]
[SourceTitle "CBM 183 Extra"]
[Source "ChessBase"]
[SourceDate "2018.04.19"]
[SourceVersion "1"]
[SourceVersionDate "2018.04.19"]
[SourceQuality "1"]

1. d4 d5 2. Nf3 Nf6 3. g3 e6 4. Bg2 Bd6 5. 0-0 0-0 6. c4 dxc4 7. Ne5 Bxe5 8. dxe5 Ng4 9. Bf4 Nc6 10. Nc3 Ncxe5 11. e4 f6 12. h3 Nh6 13. b3 cxb3 14. axb3 b6 15. Qc1 Nd3 16. Qe3 Nxf4 17. Qxf4 Bb7 18. Rad1 Qe7 19. Rd2 Rad8 20. Ra2 a5 21. Nb5 Qc5 22. Nxc7 Qe7 23. Nb5 f5 24. exf5 Rxf5 25. Qe3 Rxb5 26. Bxb7 Qxb7 27. Qxe6+ Nf7 28. Qc4 Rb4 29. Qe6 Kh8 30. Re2 h6 31. Rfe1 Ng5 32. Qf5 Nf3+ 33. Kf1 Nxe1 34. Rxe1 Qh1+ 35. Ke2 Re8+ 36. Kd3 Qxe1 0-1